| 000 | 01455nam a2200361 a 4500 | ||
|---|---|---|---|
| 001 | dia_2412 | ||
| 003 | CHAP | ||
| 005 | 20250506120833.0 | ||
| 007 | ta | ||
| 008 | 220117s2001 mx deo fr 001 0 spa d | ||
| 040 |
_cCHAP _amxchpua |
||
| 090 |
_aT.C.322 _bP74 ETIPA _c2001 |
||
| 245 | 1 | 0 |
_aIngenio Plan de San Luis, Cd. Valles, S. L. P. / _ccoordinador Juan Pérez Barrón ; colaboradores María Liliana Bolaños Carrillo...[et al.] |
| 260 |
_aMéxico : _bEl autor, _c2001 |
||
| 300 |
_a58 hojas : _bgráficas, diagramas, tablas, fotos, planos |
||
| 336 |
_2rdacontent _atexto _btxt |
||
| 337 |
_2rdamedia _asin medio _bn |
||
| 338 |
_2rdacarrier _avolumen _bnc |
||
| 502 |
_aViaje de Estudios _b(ETIPA) -- _cUACh. Departamento de Ingeniería Agroindustrial, _d2001 |
||
| 504 | _aBibliografía: hoja 59 | ||
| 505 | _a3 planos 1. Distribución de áreas -- 2. Distribución de maquinaria y equipo -- 3. Diagrama de flujo | ||
| 650 | 1 | 3 |
_aCaña de azúcar _9152784 _zMéxico _zSan Luis Potosí |
| 650 |
_aIngenio Plan de San Luis _xMéxico _xSan Luis Potosí _9152785 |
||
| 650 | 1 | 3 |
_aSugar cane _9152786 _zMexico _zSan Luis Potosí |
| 700 | 1 |
_aPérez Barrón, Juan _9148338 _ecoordinador |
|
| 700 | 1 |
_aBolaños Carrillo, María Liliana _ecolaboradora _913467 |
|
| 901 | _aT.C.322 P74 ETIPA 2001 | ||
| 902 | _aM | ||
| 905 | _a5232272001 mx ednm8223123322SPA16 | ||
| 942 | _2local | ||
| 942 | _cVE | ||
| 999 |
_c172935 _d172935 |
||